000 00291nam a22001217a 4500
082 _a900
_bRAJ/H
100 _aRAJAN, E
245 _aHISTORY II
_bMODERN INDIA AND CONTEMPORARY WORLD
260 _aTRICHUR
_bEXCEL PUBLISHERS
300 _a375
650 _aHISTORY REFERENCE
_zINDIA
942 _cBK
999 _c1584
_d1584